000 00356nam a2200145Ia 4500
008 230917s9999||||xx |||||||||||||| ||und||
040 _e39921
_aMAIN
041 _aEnglish
082 _a822.3 J738B:J
100 _aBarish, Jones A
245 0 _aBen Jonson's Volpone : A casebook
260 _aLondon
_bMacmillan
_c1977
300 _a255 p.
942 _cBK
999 _c188657
_d188657